Normal view
MARC view
Entry Personal Name
001 - CONTROL NUMBER
- control field: 539769
003 - CONTROL NUMBER IDENTIFIER
- control field: OSt
005 - DATE AND TIME OF LATEST TRANSACTION
- control field: 20220930080728.0
008 - FIXED-LENGTH DATA ELEMENTS
- fixed length control field: 220930|| aca||aabn | a|a d
040 ## - CATALOGING SOURCE
- Original cataloging agency: OSt
- Transcribing agency: OSt
100 ## - HEADING--PERSONAL NAME
- Personal name: Prof. P. P. Varma Gu
670 ## - SOURCE DATA FOUND
- Source citation: Work cat.: (OSt)870362: Katyal Amit 539768, Study of major infections in renal transplant recipients during first year of transplantation, 2007
